Normal view
MARC view
- Fellows, Richard,
Entry Personal Name
001 - CONTROL NUMBER
- control field: 24894
003 - CONTROL NUMBER IDENTIFIER
- control field: NUST
005 - DATE AND TIME OF LATEST TRANSACTION
- control field: 20191029104247.0
008 - FIXED-LENGTH DATA ELEMENTS
- fixed length control field: 191029|| aca||aabn | a|a d
040 ## - CATALOGING SOURCE
- Original cataloging agency: NUST
- Transcribing agency: NUST
100 ## - HEADING--PERSONAL NAME
- Personal name: Fellows, Richard,
- Dates associated with a name: 1948-
670 ## - SOURCE DATA FOUND
- Source citation: Work cat.: (NUST)0: Fellows, Richard, 1948-, Research methods for construction /, 2008.
